00645cam a22002171 4500001001300000003000400013005001700017008004100034010001700075035002000092040002500112042001200137050001700149100002700166245002900193260001000222300001900232600006600251600009300317999001700410ne 63000247 DLC20260227111741.0890908s1962 xx 000 0 ara  ane 63000247  a(OCoLC)23484550 aDLCcMiUdOCoLCdDLC apremarc00aDS238.A6bH51 aHindāwī, Khalīl.10aMaa̕ al-imām ʻAlī. c1962? a224 p.c20 cm.00aʻAlī ibn Abī Ṭālib,cCaliph,dapproximately 600-661.10aSharīf al-Raḍī, Muḥammad ibn al-Ḥusayn,d969 or 970-1016.tNahj al-balāghah. c45531d45531